| 000 | 01013cam a22003137a 4500 | ||
|---|---|---|---|
| 003 | CHAP | ||
| 005 | 20220817043745.0 | ||
| 008 | 010220d mx o r 00110 esp d | ||
| 010 | _a83567 | ||
| 011 | _a84539 | ||
| 035 | _a95060 | ||
| 040 | _cCHAP | ||
| 090 | _aFolleto 16153 | ||
| 110 | 1 | 0 | _aCentro Internacional de Mejoramiento de Maíz y Trigo |
| 245 | 1 | 0 |
_aCIMMYT _c/por Centro Internacional de Mejoramiento de Maíz y Trigo. |
| 260 |
_aMéxico, D.F. : _bInternational Maize and Wheat Improvement, _c(s.a.). |
||
| 300 |
_a46p. : _bfots. |
||
| 590 |
_aBATCH-UPD _b10 _c20130110 _lUCH01 _h1840 |
||
| 590 |
_aBATCH-UPD _b10 _c20130410 _lUCH01 _h1211 |
||
| 590 |
_aBATCH-UPD _b10 _c20130914 _lUCH01 _h0908 |
||
| 590 |
_aCONVERSION _b10 _c20130109 _lUCH01 _h1346 |
||
| 650 | 1 | 4 |
_aCenteno _xHíbridos. _921003 |
| 650 | 1 | 4 |
_aMaíz _xMejoramiento. _971006 |
| 650 | 1 | 4 |
_aTrigo _xMejoramiento. _9115057 |
| 901 | _aBK | ||
| 905 | _aEdna Luz | ||
| 942 | _cFOLL | ||
| 949 |
_aFolleto 16153 _bBC _cFOLL _d950601 _eTS1 _i95060 _sb |
||
| 999 |
_c83567 _d83567 |
||